La Première Guerre Mondiale - Statistiques

Statistiques générales
  • Ce quiz a été pris 610 fois
  • Le résultat moyen est 14 sur 20
Statistiques - réponses
Hint Réponse % Correct
Année de début du conflit 1914
100%
Bataille la plus meurtrière Bataille de Verdun
88%
Pays ayant subi un génocide en 1916 Arménie
87%
Surnom des soldats français Les « Poilus »
86%
L'Allemagne, l'Autriche-Hongrie et l'Italie en faisaient partie Triple-Alliance
83%
Pays ayant rejoint le conflit en 1917 États-Unis
81%
Ce qu'est la guerre pendant la majeure partie du conflit Guerre de position
81%
Bataille aussi appelée « Offensive Nivelle » Bataille du Chemin des Dames
77%
Traité de paix signé en Juin 1919 Traité de Versailles
75%
Soldat français le plus décoré de cette guerre, il a été blessé neuf fois et a capturé un total de quelque 1 180 soldats allemands. Il est aussi surnommé « le premier soldat de France ». Albert Roche
73%
Président français durant la guerre Raymond Poincaré
70%
Traité mettant fin à l'état de guerre entre la Hongrie et la plupart des puissances alliées. Traité de Trianon
70%
Aviateur allemand surnommé « Le Baron Rouge » Manfred Van Richtofen
69%
Il dirigeait l'Empire Russe Nicolas II
66%
La France, le Royaume-Uni et la Russie en faisaient partie Triple-Entente
61%
Roi d'Italie pendant la guerre Victor-Emmanuel III
61%
Ce qu'est d'abord la guerre Guerre de mouvement
56%
Il dirigeait l'Allemagne Guillaume II
50%
Aviateur français cumulant près de 53 victoires homologuées Georges Guynemer
44%
Traité par lequel la Bulgarie doit rendre ou céder des territoires à ses voisins et payer des réparations de guerre aux Alliés. Traité de Neuilly
32%
Aucun quiz correspondant
Distribution des résultats
% des personnes avec chaque résultat
Percentile par nombre de réponses
Votre historique - résultats
Vous n’avez pas pris ce quiz